000 00960nam a22003017a 4500
001 8042
003 FISKH
005 20250819131751.0
008 250819b cb ||||| |||| 00| 0 eng d
020 _a0590422421
040 _aFISKH
_beng
_cFISKH
_dFISKH
050 _aPZ7.H14115 O
082 _a823
100 _aHall, Donald
_d(1928–2018)
245 _aOx-cart man /
_cBy Donald Hall ; Pictures by Barbara Cooney
250 _aThis edition first published in 1988
260 _aNew York :
_bScholastic,
_c1979
300 _a37 unnumbered pages :
_bcolor illustrations ;
_c21 x 26 cm
505 _aZ
520 _aDescribes the day-to-day life throughout the changing seasons of an early 19th-century New England family.
521 8 _a1130
_bLexile
521 8 _aZ
_bRaz-Plus
650 _2Farming
_aSeasons
650 _2New England
_aCaldecott Medal
700 _aCooney, Barbara
_dillustrator
942 _2ddc
_cBK
_n0
999 _c8042
_d8042